Ecuador Country Quiz - Statistics

General Stats
  • This quiz has been taken 31,621 times
    31,529 since last reset
  • The average score is 14 of 21
Answer Stats
Question Answer % Correct
Official language Spanish
98%
Countries bordering Ecuador Colombia
95%
Countries bordering Ecuador Peru
95%
Capital city Quito
95%
Mountain range running through Ecuador Andes
93%
Rainforest which covers the eastern part of Ecuador Amazon Rainforest
91%
Island chain located 906 km west of the mainland Galápagos Islands
90%
Line of latitude on which the country lies Equator
89%
Scientist who visited those islands aboard the HMS Beagle Charles Darwin
84%
South American empire that conquered modern-day Ecuador in the 1400s Inca
82%
Ecuador is the world's largest exporter of this fruit Banana
71%
Species that went extinct when Lonesome George died in 2012 Pinta Island {tortoise}
62%
Currency used by Ecuador U.S. Dollar
61%
Style of hat that comes from Ecuador but is ironically named after a different country {Panama} Hat
57%
Bird on the coat of arms Andean {Condor}
52%
Most-spoken indigenous language Kichwa (Quechua)
51%
Most populous urban area Guayaquil
48%
72% of Ecuadorians are _____, a mix of Spanish and Amerindian descent Mestizo
43%
Antimalarial drug made from Cinchona, the national tree of Ecuador Quinine
34%
Highest mountain in the world (when measured from the center of the Earth) Chimborazo
25%
Type of iguana found only on those islands {Marine} iguana
23%
No matching quizzes found
Score Distribution
Percent of People with Each Score
Percentile by Number Answered
Your Score History
You have not taken this quiz since the last reset